[Event "Wernigerode op-A 6th"]
[Site "Wernigerode"]
[Date "1997.10.04"]
[Round "5.8"]
[White "Horn, Sven"]
[Black "Becker, Mario"]
[Result "1-0"]
[WhiteElo "2060"]
[BlackElo "2160"]
[PlyCount "97"]
[EventDate "1997.10.02"]
[EventType "swiss"]
[EventRounds "7"]
[EventCountry "GER"]
[SourceTitle "EXT 2021"]
[Source "ChessBase"]
[SourceDate "2020.10.23"]
[SourceVersion "1"]
[SourceVersionDate "2020.10.23"]
[SourceQuality "1"]

1. e4 c5 2. Nf3 d6 3. d4 cxd4 4. Nxd4 Nf6 5. Nc3 Nc6 6. Bg5 e6 7. Qd2 a6 8. 0-0-0 h6 9. Nxc6 bxc6 10. Bh4 Be7 11. f4 Qa5 12. Bxf6 gxf6 13. Bc4 d5 14. Bb3 Bb4 15. f5 Bb7 16. fxe6 fxe6 17. exd5 Bxc3 18. bxc3 cxd5 19. Qe3 Qa3+ 20. Kb1 Qd6 21. Rhe1 e5 22. c4 0-0-0 23. cxd5 Kb8 24. c4 Rc8 25. Rc1 Rc5 26. Rf1 Bc8 27. Ba4 Rg8 28. Rf2 Rg4 29. Rb2+ Kc7 30. Bc6 Rd4 31. Ka1 f5 32. Qb3 Kd8 33. Qb6+ Ke7 34. Qa7+ Kf6 35. Qh7 Kg5 36. Qg8+ Qg6 37. Qxc8 Rdxc4 38. Qd8+ Kg4 39. h3+ Kg3 40. Rxc4 Rxc4 41. Rd2 f4 42. Qa5 Rc1+ 43. Kb2 Qb1+ 44. Ka3 e4 45. Rb2 Qa1 46. d6 Rd1 47. Bxe4 Rxd6 48. Qc3+ Kh4 49. Qf3 1-0